000 00570njm a2200181 i 4500
001 C2-0329554
003 PPAK
005 20180729163427.0
008 141222s2014 my |||| ||||| | eng d
040 _aPPAK
_beng
_cPPAK
_erda
245 0 0 _aBiotechnology Conference & Exhibition :
_bunlocking Johor's bioeconomy potential 25th - 27th August 2014
264 1 _aSkudai :
_bJohor Biotech ,
_c2014
336 _2rdacontent
_atext
337 _2rdamedia
_aunmediated
338 _2rdacarrier
_avolume
650 1 0 _aBiotechnology - Malaysia - Congresses.
942 _ddc
_cB
999 _c163991
_d163991